History Quiz

Random History or Artist Quiz

Find the Cupcake Paintings Quiz Stats

 Plays Quiz Updated Feb 11, 2018

Challenge
Share
Tweet
Score 0/10 Timer 02:00
2 Plays Today
% Correct
Leonardo
94.2%
Warhol
90.1%
van Gogh
90%
Dalí
83.6%
Munch
82.8%
Banksy
73.9%
Mondrian
68.5%
Magritte
66.4%
Klimt
60.3%
Kandinsky
58.8%

You're not logged in!

Compare scores with friends on all Sporcle quizzes.
OR
Log In

You Might Also Like...

Show Comments

Extras

Top Quizzes Today


Score Distribution

Your Account Isn't Verified!

In order to create a playlist on Sporcle, you need to verify the email address you used during registration. Go to your Sporcle Settings to finish the process.

Report this User

Report this user for behavior that violates our Community Guidelines.

Details: